Schaum's outline of theory and problems of feedback and control systems / (Record no. 22818)
[ view plain ]
| 000 -LEADER | |
|---|---|
| fixed length control field | 01160cam a22003375a 4500 |
| 001 - CONTROL NUMBER | |
| control field | 1035856 |
| 005 - DATE AND TIME OF LATEST TRANSACTION | |
| control field | 20161024111729.0 |
| 008 - FIXED-LENGTH DATA ELEMENTS--GENERAL INFORMATION | |
| fixed length control field | 890905t1990 nyua frb 001 0 eng d |
| 020 ## - INTERNATIONAL STANDARD BOOK NUMBER | |
| International Standard Book Number | 9780070170476 |
| 020 ## - INTERNATIONAL STANDARD BOOK NUMBER | |
| International Standard Book Number | 0070170479 |
| 040 ## - CATALOGING SOURCE | |
| Original cataloging agency | DLC |
| Transcribing agency | DLC |
| Modifying agency | DLC |
| -- | EG-ScBUE |
| Language of cataloging | eng |
| 082 04 - DEWEY DECIMAL CLASSIFICATION NUMBER | |
| Classification number | 629.83 |
| Edition number | 22 |
| Item number | DIS |
| 100 1# - MAIN ENTRY--PERSONAL NAME | |
| Personal name | DiStefano, Joseph J., |
| 9 (RLIN) | 34979 |
| Titles and other words associated with a name | III |
| 245 10 - TITLE STATEMENT | |
| Title | Schaum's outline of theory and problems of feedback and control systems / |
| Statement of responsibility, etc | Joseph J. DiStefano, Allen R. Stubberud, Ivan J. Williams. |
| 246 30 - VARYING FORM OF TITLE | |
| Title proper/short title | Theory and problems of feedback and control systems |
| 246 18 - VARYING FORM OF TITLE | |
| Title proper/short title | Feedback and control systems |
| 250 ## - EDITION STATEMENT | |
| Edition statement | 2nd ed. |
| 260 ## - PUBLICATION, DISTRIBUTION, ETC. (IMPRINT) | |
| Place of publication, distribution, etc | New York : |
| Name of publisher, distributor, etc | McGraw-Hill, |
| Date of publication, distribution, etc | c.1990. |
| 300 ## - PHYSICAL DESCRIPTION | |
| Extent | 496 p. : |
| Other physical details | ill. ; |
| Dimensions | 28 cm. |
| 490 0# - Series Statement | |
| Series statement | Schaum's outline series. |
| 500 ## - GENERAL NOTE | |
| General note | "Continuous (analog) and discrete (digital)." |
| 500 ## - GENERAL NOTE | |
| General note | Index : p. 491-496. |
| 504 ## - BIBLIOGRAPHY, ETC. NOTE | |
| Bibliography, etc | Bibliography : p. 489. |
| 650 #7 - SUBJECT ADDED ENTRY--TOPICAL TERM | |
| Topical term or geographic name as entry element | Feedback control systems. |
| Source of heading or term | BUEsh |
| 9 (RLIN) | 19100 |
| 650 #7 - SUBJECT ADDED ENTRY--TOPICAL TERM | |
| Topical term or geographic name as entry element | Control theory. |
| Source of heading or term | BUEsh |
| 9 (RLIN) | 3461 |
| 651 ## - SUBJECT ADDED ENTRY--GEOGRAPHIC NAME | |
| Source of heading or term | BUEsh |
| 653 ## - INDEX TERM--UNCONTROLLED | |
| Resource For college | Engineering, General |
| Arrived date list | October2016 |
| 700 1# - ADDED ENTRY--PERSONAL NAME | |
| Personal name | Stubberud, Allen R. |
| 9 (RLIN) | 19129 |
| 700 1# - ADDED ENTRY--PERSONAL NAME | |
| Personal name | Williams, Ivan J. |
| 9 (RLIN) | 19130 |
| 942 ## - ADDED ENTRY ELEMENTS (KOHA) | |
| Source of classification or shelving scheme | Dewey Decimal Classification |
| Withdrawn status | Item status | Source of classification or shelving scheme | Damaged status | Not for loan | Vendor | Home library | Current library | Shelving location | Date acquired | Source of acquisition | Cost, normal purchase price | Total Checkouts | Full call number | Barcode | Date last seen | Koha item type |
|---|---|---|---|---|---|---|---|---|---|---|---|---|---|---|---|---|
| Dewey Decimal Classification | Baccah | Central Library | Central Library | First floor | 24/10/2016 | Purchase | 520.00 | 629.83 DIS | 000034464 | 15/07/2025 | Book - Borrowing |